Význam vnútorného predpisu pre zostavenie účtovnej závierky
Vplyv legislatívnych, organizačných, riadiacich, metodických a informačných noriem na činnosť podniku. Vnútorný predpis pre oblasť účtovníctva. Úprava oblasti účtovnej závierky vnútorným predpisom. Charakteristika vnútorného predpisu.
Na minha lista:
| Autor principal: | |
|---|---|
| Formato: | Capítulo de Livro |
| Idioma: | eslovaco |
| Assuntos: | |
| Tags: |
Sem tags, seja o primeiro a adicionar uma tag!
|
MARC
| LEADER | 00000naa$a2200000$$$4500 | ||
|---|---|---|---|
| 001 | 0058069 | ||
| 005 | 20240502071643.1 | ||
| 041 | 0 | |a slo | |
| 044 | |a SK | ||
| 245 | 1 | 0 | |a Význam vnútorného predpisu pre zostavenie účtovnej závierky |c Zuzana Kubaščíková |
| 520 | |a Vplyv legislatívnych, organizačných, riadiacich, metodických a informačných noriem na činnosť podniku. Vnútorný predpis pre oblasť účtovníctva. Úprava oblasti účtovnej závierky vnútorným predpisom. Charakteristika vnútorného predpisu. | ||
| 610 | 2 | 0 | |a závierka účtovná |
| 610 | 2 | 0 | |a predpisy |
| 610 | 2 | 0 | |a jednotka účtovná |
| 610 | 2 | 0 | |a IFRS |
| 100 | 1 | |a Kubaščíková, Zuzana, 1982- | |